To Boldly Go Into The Twilight Zone Quiz Stats

 Plays Quiz Updated Apr 10, 2019

Score 0/15 Timer 05:00
2 Plays Today
Question Answer Wrong Answers
Nick of Time - William Shatner
94.9%
1.1%
0.5%
0.6%
The Encounter - George Takei
93%
2.3%
1.6%
0.5%
A Quality of Mercy - Leonard Nimoy
91.3%
3%
2%
1%
The Night of the Meek - John Fiedler
87%
3.8%
4.2%
2.1%
Miniature - William Windom
85.1%
2.6%
6%
3.2%
The Long Morrow - Robert Lansing
83.5%
5.6%
4.6%
3.3%
Valley of the Shadow - James Doohan
82%
9.2%
2.7%
3.5%
Black Leather Jackets - Michael Forest
78%
5.7%
11.1%
2.4%
The Trade-Ins - Theo Marcuse
74.8%
4.3%
14.4%
3.7%
Queen of the Nile - Celia Lovsky
74%
3.1%
7.3%
12.9%
Valley of the Shadow - David Opatoshu
69.9%
5.9%
4.4%
16.8%
A Stop at Willoughby - James Daly
57.7%
3.7%
7%
28.7%
Of Late I Think of Cliffordville - Julie Newmar
51.6%
10.5%
18.7%
16.6%
Twenty Two - Arlene Martel
49%
8.9%
31.3%
8%
People Are Alike All Over - Susan Oliver
39%
29%
12.8%
16.5%

You're not logged in!

Compare scores with friends on all Sporcle quizzes.
OR
Log In

Sporcle TV

Today on Sporcle TV


Watch our educational content, quiz creation guides, and fun videos on Sporcle TV.

Show Comments

Extras

Top Quizzes Today


Score Distribution

Your Account Isn't Verified!

In order to create a playlist on Sporcle, you need to verify the email address you used during registration. Go to your Sporcle Settings to finish the process.

Report this User

Report this user for behavior that violates our Community Guidelines.

Details: